000 00552nam a22002057a 4500
003 KOHA_MİRAKIL
005 20260324115344.0
008 260324b tu ||||| |||| 00| 0 tur d
020 _a9786256665156
040 _aTR-AnABB
_btur
_cTR-AnABB
041 _atur
082 _a813.42
_bSIN 2025
100 1 _aSinan, Nevzat
245 1 0 _aÜç Özbek kız /
_cNevzat Sinan
260 _aAnkara :
_bKırmızı Oda,
_c2025
300 _a234 sayfa;
_c20 cm
500 _aYazar imzalı
650 0 4 _aTürk edebiyatı, roman
942 _2ddc
_cBK
999 _c10008
_d10008
900 _bCan ÇELIK